| 000 | 00770cam a22002051 4500 | ||
|---|---|---|---|
| 001 | gs 05001228 | ||
| 003 | DLC | ||
| 005 | 20260227111303.0 | ||
| 008 | 940325s1890 ag abe 000 0 spa c | ||
| 010 | _ags 05001228 | ||
| 035 | _a(OCoLC)30023760 | ||
| 040 |
_aLibrary, U.S. Geological Survey _cCU _dCU _dDLC |
||
| 042 | _apremarc | ||
| 050 | 0 | 0 |
_aTN37.M5 _bA9 |
| 100 | 2 | _aAvé-Lallemant, Germán. | |
| 245 | 0 | 3 |
_aLa minería en la provincia de Mendoza. _bEl Paramillo de Uspallata, _cpor Germán Avé Lallemant ... Memoria presentada á la Sociedad científica agrentina. |
| 260 |
_aBuenos Aires, _bImprenta de P.E. Coni e hijos, _c1890. |
||
| 300 |
_a136 p. _bfold. map, fold. plans, fold. diagrs. _c26 cm. |
||
| 650 | 0 |
_aMines and mineral resources _zArgentina _xMendoza. |
|
| 999 |
_c24366 _d24366 |
||